000
00271nam a22001217a 4500
082
_a
823
_b
KAT/T
100
_a
JACKSON, KATHRYN
245
_a
TAWNY, SERAWNY LION
260
_a
NEW YORK
_b
GOLDEN
_c
1999
300
_a
12
650
_a
ENGLISH STORY
_z
UNITED STATES
942
_c
BK
999
_c
7421
_d
7421